| 000 | 00375nam a22001577a 4500 | ||
|---|---|---|---|
| 005 | 20160426142346.0 | ||
| 008 | 160426b xxu||||| |||| 00| 0 eng d | ||
| 020 | _a81-203-1923-0 | ||
| 041 | _aeng | ||
| 082 | _b00110 | ||
| 100 |
_aPanneer selvem, R. _949 |
||
| 245 | _aOperations Research | ||
| 260 |
_aNew Delhi _bPrentice hall of India, _c2004 |
||
| 300 | _a490 | ||
| 942 | _cBK | ||
| 999 |
_c23 _d23 |
||